La farce de Maistre Pathelin

Spremljeno u:
Bibliografski detalji
Glavni autor: Pickford, C.E
Format: Knjiga
Jezik:Undetermined
Izdano: París, Francia Bordas 1977
Teme:
Oznake: Dodaj oznaku
Bez oznaka, Budi prvi tko označuje ovaj zapis!

MARC

LEADER 00000nam a2200000Ia 4500
008 170316s9999 xx 000 0 und d
040 |a cru BVZT 
090 |a 840 P-12f 
100 |a Pickford, C.E. 
245 |a La farce de Maistre Pathelin 
260 |a París, Francia 
260 |b Bordas 
260 |c 1977 
300 |a 127 páginas 
650 |a LITERATURA FRANCESA 
999 |c 7878  |d 7878 
942 |c 15 D  |h 840 P-12f  |2 z